000 00895nam a2200205Ii 4500
003 JO-AjNU
008 230605s9999||||xx |||||||||||||| ||und||
040 _aJO-AjNU
_bara
_erda
_cJO-AjNU
041 _aara
050 1 4 _aPJ6161.I33.I3788
100 3 _aتأليف محمد إبراهيم ،مجدي إبراهيم,
_eauthor
_934052
245 0 0 _aالظواهر اللغوية في أدب الكتاب لأبن قتيبة (ت 276هـ):دراسة في النحو والصرف والدلالة والأصوات
250 _aط1
264 3 1 _aالقاهرة: دار الوفاء لدنيا الطباعة والنشر، 2013
300 _a744ص
336 _atext
_btxt
_2rdacontent
337 _aunmediated
_bn
_2rdamedia
338 _avolume
_bnc
_2rdacarrier
650 4 _aاللغة العربية-الظواهر اللغوية في أدب الكاتب لأبن قتيبة-اللغة
_934053
999 _aA13921
_c17489
_d17489